000 00807nam a22002177a 4500
005 20100812114028.0
010 _aENG-99862
020 _a9789380009018
_c140.00
020 _a9380009011
_c140.00
035 _aEN-83394
037 _bDBAD/PUB
082 _a300.1
100 _aMohapatra, A.R.
_911657
245 _aSocial philosophy of Swami Vivekananda /
_cby A.R. Mohapatra
260 _aNew Delhi
_bReadworthy Publications
_c2009
270 _bNew Delh
_aA-18, Mohan Garden Near Nawada Metro Station
_e11005906
300 _a110p.
_c22cm (pbk)
500 _aIncludes bibliographical references and index
942 _2ddc
_cEN
_h300.1
_mMOH
999 _c41300
_d41300